000 00727nam a22001937a 4500
005 20251108164713.0
008 250721s1998 xx 000 0 ara d
082 1 4 _a811.9095665/ولي
100 1 _aخالص، وليد محمود
245 1 0 _aالكلام على الكلام :
_bنظرات فنية تأويلية في شعر الشيخ محمد بن راشد آل مكتوم /
264 1 _aبيروت :
_bالمؤسسة العربية للدراسات و النشر،
_c1998.
300 _a215ص
650 1 7 _aالشعر العربي
650 1 7 _aالتاريخ الأدبي
650 1 7 _aالنقد الأدبي
650 1 7 _aالإمارات العربية المتحدة
942 _2ddc
_cBK
999 _c12282
_d12282